000 01033cam a2200241 4500
001 ABS67746
008 040428n2004 000 0 eng u
035 _a(Sirsi) u126050
100 _aSanders, M.
245 _aDo not lose sight of the TRIG reforms
260 _c2004
490 _aFarmland Market
_v(61) Spring 2004, 14-15(2)
520 _aHighlights the Tenancy Reform Industry Group's (TRIG) reforms which build on the Agricultural Tenancies Act 1995 and move towards greater freedom of contract in agricultural lettings. The reforms remove some of the remaining barriers to the letting of land and the diversification of tenants' businesses into non-agricultural activities.
590 _aABS
590 _aABS
650 _aPROPERTY-LANDLORD AND TENANT-TENANCIES-AGRICULTURAL TENANCIES
650 _aFARM DIVERSIFICATION
650 _aAGRICULTURAL REFORM
650 _aAGRICULTURAL TENANCIES ACT 1995
650 _aNON-AGRICULTURAL USE
690 _aLANDLORD AND TENANT-AGRICULTURAL TENANCIES
942 _n0
999 _c117266
_d117266